• 首页
  • 本馆介绍
  • 公告通知
  • 最新文献
  • 馆藏检索
  • 电子资源
  • 读者导购
  • 参考咨询
  • 我的图书馆
  • 登录
  • 详细信息显示
  • 放入我的书架
  • 预约/预借图书
  • 作者相关作品
  • 分类相关作品
  • 丛书相关作品
  • 出版社相关作品

书目信息

  • 表格格式
  • 工作单格式
  • 卡片格式
题名:
气动技术基础
    
 
作者: ;上海工业大学流控研究室 编
分册:  
出版信息: 北京   机械工业出版社  1982.3
页数: 355页
开本: 20cm
丛书名:
单 册:
中图分类: TH4
科图分类:
主题词: 气体压缩机械 , 气体输送机械
电子资源:
ISBN:
000 00570nam0 2200193 45
001 0312221749
005 20060425092221.51
010    @dCNY0.92
100    @a20031222d1982 km y0chiy0120 ea
101    @achi
200 1  @a气动技术基础@AQi Dong Ji Shu Ji Chu@f上海工业大学流控研究室编@FShang Hai Gong Ye Da Xue Liu Kong Yan Jiu Shi Bian
210    @a北京@c机械工业出版社@d1982.3
215    @a355页@d20cm
606 0  @a气体压缩机械
606 0  @a气体输送机械
690    @aTH4@v3
711 0  @a上海工业大学流控研究室@4编
801    @aCN@bTSTCL@c20060425
905    @a213230@dTH4@e1
    
    气动技术基础/上海工业大学流控研究室编.-北京:机械工业出版社,1982.3
    355页;20cm
    
    
    ISBN :CNY0.92
    
●
相关链接 在E读中查询图书 在五车中查询图书 在当当中查询图书 在豆瓣中查询图书


正题名:气动技术基础     索取号:TH4/1         预约/预借

序号 登录号 条形码 馆藏地/架位号 状态 备注
1 0077140   202177303   密集书库/ [索取号:TH4/1] 在馆    
2 0077141   202285561   密集书库/ [索取号:TH4/1] 在馆    
3 0077142   202177599   密集书库/ [索取号:TH4/1] 在馆    
4 0077143   202260472   密集书库/ [索取号:TH4/1] 在馆    
5 0077144   202258555   密集书库/ [索取号:TH4/1] 在馆    
6 0077145   202260463   密集书库/ [索取号:TH4/1] 在馆    
7 0077146   001652786   第二样本阅览室/ [索取号:TH4/1] 在馆    
唐山师范学院图书馆 欢迎您!
大连网信软件有限公司© 版权所有